000 00847nam a22002777a 4500
001 BR2014003189
003 BR-BrBNA
005 20230928104444.0
007 ta
008 230509b bl.||||| |||| 00| 0 por d
040 _aBR-BrBNA
_bpor
_cBiblioteca Nacional de Agricultura
041 _a(Por)
072 _aP0
090 _ P0 BR2014003189
100 1 _aLabegalini, A.
110 1 _aUniversidade Federal de Lavras, MG (Brasil)
_0Tese (Mestrado)
245 1 _aObtenção de biochar a partir da pirólise rápida da torta de punhão-manso: uso com adsorvente e suporte
260 3 _aLavras, MG (Brasil):
_c2013.
300 _a116 p.
500 _aSummaries (Eng, Por); Bibliography p. 105-116
650 _aCARVÃO MINERAL
650 _aPINHÃO DE PURGA
650 _aTORTA
909 _a202309
_bLucia
_c55
_dLucia Elande
942 _cBK
999 _c80010
_d80010